Jadrový palivový cyklus

Bibliographic Details
Main Authors: Slugeň, Vladimír, 1962- (Author), Božik, Miroslav (Author), Zemek, Martin (Author), Hatala, Branislav (Author), Mikloš, Marek (Author), Farkas, Gabriel (Author)
Format: Book
Language:Slovak
PhysicalDescription:180 s. fareb. fotogr., grafy, mp., sch., tab. 25 cm
Published: Bratislava Didaktis 2014
ISBN:9788081660016 (viaz.)
Edition:1. vyd.
Subjects:

MARC

LEADER 00000nam a2200000 a 4500
001 vtls010655601
003 SK-MaSNL
005 20260301035249.0
008 160430s2014 xo odabf n 000 0 slo
015 |a SNBA2015/03 
020 |a 9788081660016 (viaz.) 
035 |a 348D242E-2C75-43D1-BB1B-20531E9037BD 
035 |a urn:nbn:sk:snk-amjzre 
035 |a urn:nbn:sk:snk-am005epu 
040 |a SNK  |b slo  |c SNK  |e AACR2 
041 0 |a slo 
044 |a xo  |c SK 
072 7 |a 621.039  |x Jadrová technika  |2 konspekt 
080 |a 621.039.54  |2 2001 
080 |a 620.9:621.039  |2 2001 
080 |a 658.51  |2 2001 
080 |a (048.8:082)  |2 2001 
245 0 0 |a Jadrový palivový cyklus  |c Vladimír Slugeň ... [et al.] 
250 |a 1. vyd. 
260 |a Bratislava  |b Didaktis  |c 2014 
300 |a 180 s.  |b fareb. fotogr., grafy, mp., sch., tab.  |c 25 cm 
504 |a Bibliogr.: s. 174-178 ; použ. značky a skrat. 
650 0 7 |a jadrové palivo  |2 SNKPH  |9 76014 
650 0 7 |a Nuclear fuel  |2 SNKPHeng  |9 164549 
650 0 7 |a jadrová energetika  |2 SNKPH  |9 59350 
650 0 7 |a jadrový palivový cyklus  |2 SNKPH  |9 159817 
650 0 7 |a Nuclear energy industry  |2 SNKPHeng  |9 295637 
650 0 7 |a technologické procesy  |2 SNKPH  |9 28633 
650 0 7 |a Technological processes  |2 SNKPHeng  |9 319719 
655 7 |a kolektívne monografie  |2 SNKPH  |9 249850 
655 7 |a Collective monographs  |2 SNKPHeng  |9 125747 
700 1 |a Slugeň, Vladimír,  |d 1962-  |4 aut  |9 211233 
700 1 |a Božik, Miroslav  |4 aut  |9 337532 
700 1 |a Zemek, Martin  |4 aut  |9 337533 
700 1 |a Hatala, Branislav  |4 aut  |9 337534 
700 1 |a Mikloš, Marek  |4 aut  |9 337535 
700 1 |a Farkas, Gabriel  |4 aut  |9 337536 
919 |a 978-80-8166-001-6 
958 |a NB 
999 |c 583611  |d 585541 
952 |a SNK  |b SNK  |y PREZ  |7 0  |p 17A1138736  |o snkSC 163189  |i snk2015/6004  |8 0  |0 0  |1 0  |4 0  |d 2015-02-18  |f 1  |l 0  |r 2025-08-27 00:00:00  |w 2026-02-23 
952 |a SNK  |b SNK  |y VYP  |7 0  |p 17A1138737  |o snkSC 163189 D1  |i snk2015/6005  |8 0  |0 0  |1 0  |4 0  |d 2015-02-18  |l 0  |r 2026-02-23 14:59:51  |w 2026-02-23 
952 |t snkJAD 621.039  |a SNKUST  |b SNKUST  |y PREZ  |7 0  |p 17A1252542  |o snkSC 163189 D2  |i snk2017/3514  |8 1  |0 0  |1 0  |4 0  |d 2017-02-08  |l 0  |r 2025-04-29 00:00:00  |w 2026-02-23